Countries on the Correct Side of the Equator - Sudden Death - Statistics

General Stats
  • This quiz has been taken 41,728 times
    41,645 since last reset
  • The average score is 10 of 16
Answers on the Grid
Answers color-coded by a green-red scale on the quiz's grid according to % correct below.
Egypt
Guyana
India
Paraguay
Ethiopia
Philippines
Saudi Arabia
Papua New Guinea
Madagascar
Peru
Thailand
Panama
–––––
EQUATOR
–––––
Zimbabwe
Bolivia
Iraq
Cuba
Angola
Venezuela
Malawi
Chile
Tanzania
New Zealand
Fiji
Tunisia
 
Answer Stats
Answer % Correct
Egypt
87%
India
73%
Saudi Arabia
71%
New Zealand
65%
Chile
61%
Ethiopia
60%
Guyana
59%
Philippines
59%
Zimbabwe
59%
Fiji
58%
Panama
58%
Thailand
55%
Angola
54%
Tanzania
53%
Malawi
52%
Bolivia
50%
No matching quizzes found
Score Distribution
Percent of People with Each Score
Percentile by Number Answered
Your Score History
You have not taken this quiz since the last reset